Main Rivers of Northern Italy - Statistics

General Stats
  • This quiz has been taken 67 times
  • The average score is 11 of 41
Answer Stats
Length(km) Main Regions River % Correct
652 Miscellaneous Po
96%
410 Trentino, Veneto Adige
75%
313 Lombardy Adda
67%
220 Veneto Piave
63%
178 Veneto, Friuli VG Tagliamento
63%
248 Lombardy, Piedmont Ticino
54%
160 Piedmont Dora Baltea
48%
280 Lombardy Oglio
48%
75 Lombardy Mincio
46%
136 Friuli - Venezia Giulia Isonzo
44%
125 Aosta Valley, Piedmont Dora Riparia
42%
211 Emilia-Romagna Reno
42%
276 Piedmont Tanaro
35%
174 Trentino, Veneto Brenta
33%
148 Emilia-Romagna Panaro
31%
130 Lombardy Lambro
27%
172 Emilia-Romagna Secchia
27%
126 Emilia-Romagna Taro
25%
100 Trentino - A.A. Isarco
23%
118 Emilia-Romagna Trebbia
21%
112 Veneto Livenza
19%
71 Lombardy Olona
19%
124 Lombardy Serio
19%
153 Piedmont, Liguria Bormida
17%
160 Lombardy Chiese
17%
78 Trentino - A.A. Sarca
17%
90 Piedmont Scrivia
17%
140 Piedmont Sesia
17%
118 Veneto Bacchiglione
10%
74 Lombardy Brembo
10%
84 Piedmont Toce
10%
96 Lombardy Mella
8%
105 Trentino Noce
8%
95 Veneto Sile
8%
140 Piedmont Agogna
6%
89 Trentino - A:A. Avisio
4%
70 Emilia-Romagna, Marche Marecchia
4%
75 Emilia-Romagna Nure
4%
80 Trentino - A.A. Rienza
4%
126 Emilia, Tuscany Savio
4%
58 Piedmont Elvo
2%
No matching quizzes found
Score Distribution
Percent of People with Each Score
Percentile by Number Answered
Your Score History
You have not taken this quiz